| 000 | 01016nam a2200241Ia 4500 | ||
|---|---|---|---|
| 999 |
_c39650 _d39650 |
||
| 001 | 6250 | ||
| 003 | GE_BSU | ||
| 005 | 20200218162751.0 | ||
| 008 | 181216s2010||||ge |||||||||||||| ||ge || | ||
| 020 | _a97899411305588 | ||
| 040 | _cGE_BSU | ||
| 041 | _ageo | ||
| 080 | _a1(44)+572.133.1 შ-24 | ||
| 100 |
_aშარდენი, პიერ ტეიარ დე. _97137 |
||
| 245 |
_aადამიანის ფენომენი / _cპიერ ტეიარ დე შარდენი ; ფრანგ. თარგმნა, წინასიტყ. და შენიშვნები დაურთო ბაჩანა ბრეგვაძემ. |
||
| 264 |
_aთბილისი : _bუნ-ტის გამ-ბა, _c2010. |
||
| 300 |
_a390 გვ.; _c19 სმ. |
||
| 653 | _aადამიანის ფენომენი | ||
| 653 | _aანტროპოგენები | ||
| 653 | _aფილოსოფია | ||
| 700 |
_a _97138 |
||
| 942 |
_cBK _2udc |
||